00490pam a2200193 a 4500001000800000005001700008008004100025010001700066020001500083040001800098041000800116043001200124080001600136082002000152100000700172101000800179245007900187504003000266385675720180126092837.0880823s1989 maua b 001 0 eng  a 88028500  a0205117295 aDLCcDLCdDLC aeng an-us--- a370.157 TIE00a370.157 TIE219 a47 aEDU00aTeaching thinking in K-12 classrooms :cIris McClellan Tiedt ... [et al.]. aBibliography: p. 315-322.